|
|
|
|
| LEADER |
00000nab a2200000 a 4500 |
| 001 |
vtls001014310 |
| 003 |
SK-MaSNL |
| 005 |
20260305030932.0 |
| 008 |
040720e19951017xo 0 slo |
| 035 |
|
|
|a SN264
|
| 040 |
|
|
|a SNSK
|b slo
|c SNSK
|e AACR2
|
| 041 |
0 |
|
|a slo
|
| 044 |
|
|
|a xo
|c SK
|
| 080 |
|
|
|a 373.3
|2 1981
|
| 080 |
|
|
|a 613.287
|2 1981
|
| 100 |
1 |
|
|a Toporcerová, Monika,
|d 1972
|4 aut
|9 769145
|
| 245 |
1 |
0 |
|a Pitný program sa udomácnil v tridsiatich školách nášho okresu
|
| 300 |
|
|
|b 1 foto
|
| 650 |
0 |
7 |
|a školy základné
|2 SNSK
|9 390867
|
| 650 |
0 |
7 |
|a programy pitné
|2 SNSK
|9 1608410
|
| 650 |
0 |
7 |
|a ponuky
|2 SNSK
|9 879870
|
| 650 |
0 |
7 |
|a nápoje
|2 SNSK
|9 17296
|
| 651 |
|
7 |
|a Spišská Nová Ves (Slovensko : okres)
|2 SNSK
|9 22259
|
| 651 |
|
7 |
|a SN,
|2 SNSK
|9 1021277
|
| 655 |
|
7 |
|a periodikum
|2 snkbucl
|9 29553
|
| 773 |
0 |
8 |
|t Spišský kuriér
|g Roč. 4, č.41, 17.10.1995, s. 5
|
| 852 |
|
|
|a ZVYKNI
|b KIS3GCP
|
| 999 |
|
|
|c 3313778
|d 3315708
|